Primer informe sobre la juventud de América Latina, 1990 /
De cara al año 2000, la juventud latinoamericana se ha convertido en un gran reto para la sociedad y a su vez en un rico potencial de participación y creatividad, por lo que debe constituirse en objeto y sujeto de las políticas que se lleven a cabo en los últimos años del presente siglo. El desafío...
Gespeichert in:
| 1. Verfasser: | |
|---|---|
| Weitere Verfasser: | |
| Format: | Unbekannt |
| Veröffentlicht: |
Quito:
Conferencia Iberoamericana de Juventud. Oficina Permanente
|
| Schlagworte: | |
| Tags: |
Tag hinzufügen
Keine Tags, Fügen Sie den ersten Tag hinzu!
|
MARC
| LEADER | 00000 a2200000 04500 | ||
|---|---|---|---|
| 001 | 4183 | ||
| 003 | |||
| 008 | 991231s d | ||
| 040 | |||
| 090 | |a 116515 | ||
| 100 | |a Rodríguez, Ernesto | ||
| 245 | |a Primer informe sobre la juventud de América Latina, 1990 / |c Ernesto Rodríguez | ||
| 260 | |a Quito: |b Conferencia Iberoamericana de Juventud. Oficina Permanente | ||
| 300 | |a 353 p | ||
| 520 | |a De cara al año 2000, la juventud latinoamericana se ha convertido en un gran reto para la sociedad y a su vez en un rico potencial de participación y creatividad, por lo que debe constituirse en objeto y sujeto de las políticas que se lleven a cabo en los últimos años del presente siglo. El desafío puede visualizarse tanto en términos de sus dimensiones, como respecto a sus complejidades, de tal forma podríamos decir que es un desafío cualitativo y cuantitativo. Pero es importante destacar que los jóvenes no son solo un problema, sino que ellos pueden ser simultáneamente actores protagónicos de los procesos de desarrollo y afirmación de la democracia regional. Pero sin embargo, las políticas de la juventud se han concentrado en una sola de esas dimensiones: la cuantitativa, por tal motivo las respuestas que se han dado a la problemática de la juventud han sido limitadas, por tal motivo se sostiene que éstas deben ser reforzadas en algunos casos y en otras reformadas de manera sustancial. Las políticas destinadas a la juventud en la década de los noventa, deberán estar integradas fluidamente a los planes nacionales de desarrollo, deberán ejecutarse de manera concertada y descentralizada, procurando responder con soluciones diversas a la heterogeneidad de problemas y situaciones existentes en el terreno juvenil, la experiencia acumulada en los últimos años permite ser optimistas respecto a la viabilidad de estas propuestas. OB/ALJ | ||
| 650 | |a POLITICA SOCIAL | ||
| 650 | |a GRUPOS DE INTERESES | ||
| 650 | |a PROBLEMAS SOCIALES | ||
| 650 | |a POLITICA GUBERNAMENTAL | ||
| 650 | |a CLASE DIRIGENTE | ||
| 650 | |a PARTICIPACION SOCIAL | ||
| 650 | |a JUVENTUD RURAL | ||
| 650 | |a JUVENTUD URBANA | ||
| 650 | |a TRABAJADORES JOVENES | ||
| 650 | |a DESEMPLEO JUVENIL | ||
| 650 | |a DESCONTENTO DE LOS JOVENES | ||
| 650 | |a PAISES EN DESARROLLO | ||
| 650 | |a IDEOLOGIAS | ||
| 700 | |a Dabezies, Bernardo | ||
| 999 | |c 2354 |d 2354 | ||
